000 00606nam a22002177a 4500
003 UA-OsUOA
001 113643
007 ta
008 20150922b un ||||| |||| 00| 0 ukr d
100 _aСлотницька І.
090 _a82
_bС48
942 _cSA
040 _aUA-OsUOA
_bukr
_cUA-OsUOA
_dUA-OsUOA
245 _aСтановлення нової української літератури (Урок у 9 класі)
300 _aС.11-16
955 _a0
041 _aukr
080 _a82
773 0 _w113642
650 7 _a82 Література. Літературознавство
_2UDC
999 _c399687
_d399687